Statistics for ATP Men's Tennis End of Year Rankings 2013

Click here to take the quiz!

General Stats

  • This quiz has been taken 30 times
  • The average score is 9 of 15

Answer Stats

HintAnswer% Correct
2Novak Djokovic
100%
1Rafael Nadal
100%
7Roger Federer
100%
4Andy Murray
96%
3David Ferrer
74%
10Jo-Wilfried Tsonga
59%
9Richard Gasquet
56%
6Tomáš Berdych
56%
14John Isner
44%
5Juan Martín del Potro
44%
11Milos Raonic
44%
8Stanislas Wawrinka
44%
13Nicolás Almagro
15%
12Tommy Haas
15%
15Mikhail Youzhny
7%

Score Distribution

Percentile by Number Answered

Percent of People with Each Score

Your Score History

You have not taken this quiz